<?xml version="1.0" encoding="UTF-8"?>
<record
    xmlns:xsi="http://www.w3.org/2001/XMLSchema-instance"
    xsi:schemaLocation="http://www.loc.gov/MARC21/slim http://www.loc.gov/standards/marcxml/schema/MARC21slim.xsd"
    xmlns="http://www.loc.gov/MARC21/slim">

  <leader>00324nam a2200121Ia 4500</leader>
  <controlfield tag="008">220530s9999    xx            000 0 und d</controlfield>
  <datafield tag="040" ind1=" " ind2=" ">
    <subfield code="a">eng</subfield>
  </datafield>
  <datafield tag="100" ind1=" " ind2=" ">
    <subfield code="a">DAWN</subfield>
    <subfield code="9">60401</subfield>
  </datafield>
  <datafield tag="245" ind1=" " ind2=" ">
    <subfield code="a">TEXTBOOK OF GYNACOLOGY CONTRACEPTION AND DEMOGRAPHY</subfield>
  </datafield>
  <datafield tag="250" ind1=" " ind2=" ">
    <subfield code="a">FOURTEENTH</subfield>
  </datafield>
  <datafield tag="260" ind1=" " ind2=" ">
    <subfield code="a">KOLKATA</subfield>
    <subfield code="b">DAWN BOOKS</subfield>
    <subfield code="c">2003</subfield>
  </datafield>
  <datafield tag="650" ind1=" " ind2=" ">
    <subfield code="a">MIDWIFERY</subfield>
    <subfield code="9">60402</subfield>
  </datafield>
  <datafield tag="999" ind1=" " ind2=" ">
    <subfield code="c">2099</subfield>
    <subfield code="d">2099</subfield>
  </datafield>
  <datafield tag="952" ind1=" " ind2=" ">
    <subfield code="0">0</subfield>
    <subfield code="1">0</subfield>
    <subfield code="4">0</subfield>
    <subfield code="7">0</subfield>
    <subfield code="a">SNCN</subfield>
    <subfield code="b">SNCN</subfield>
    <subfield code="d">2008-12-15</subfield>
    <subfield code="e">TEXTBOOK ,PURCHASE NEW MEDICAL BOOK  SHOP,NAGPUR INVOICE NO.68</subfield>
    <subfield code="g">312.00</subfield>
    <subfield code="l">0</subfield>
    <subfield code="p">SNCN-BK-752</subfield>
    <subfield code="r">2023-05-05 00:00:00</subfield>
    <subfield code="w">2022-05-31</subfield>
    <subfield code="y">BK</subfield>
    <subfield code="z">752</subfield>
  </datafield>
</record>
